[Event "POL-chT U20 1st League"]
[Site "Szczyrk"]
[Date "2017.07.26"]
[Round "5.12"]
[White "Musin, Oliwia"]
[Black "Mysliwiec, Natalia"]
[Result "1/2-1/2"]
[WhiteElo "1120"]
[BlackElo "1429"]
[PlyCount "98"]
[EventDate "2017.07.22"]
[EventType "team-tourn"]
[EventRounds "9"]
[EventCountry "POL"]
[SourceTitle "EXT 2019"]
[Source "ChessBase"]
[SourceDate "2018.10.10"]
[SourceVersion "1"]
[SourceVersionDate "2018.10.10"]
[SourceQuality "1"]

1. c4 Nf6 2. Nc3 e6 3. g3 d5 4. cxd5 exd5 5. d4 c6 6. Bg2 Bf5 7. e3 Bd6 8. Nge2 Nbd7 9. 0-0 0-0 10. b3 Re8 11. Bb2 b5 12. Nb1 Ne4 13. Nd2 Ndf6 14. Nxe4 Nxe4 15. Nc3 Nf6 16. Qc1 Rc8 17. a3 a5 18. a4 b4 19. Ne2 Ne4 20. Qd1 Qb6 21. Rc1 Red8 22. f3 Nf6 23. Kh1 Re8 24. Qd2 Re7 25. Ng1 Rce8 26. Rfe1 Nd7 27. Bf1 Nb8 28. Bd3 Bxd3 29. Qxd3 Rc7 30. Re2 Rcc8 31. Ba1 Nd7 32. Qd2 Nf6 33. Bb2 h6 34. Kg2 Qd8 35. Nh3 c5 36. dxc5 Rxc5 37. Rxc5 Bxc5 38. Bd4 Bxd4 39. Qxd4 Qc7 40. Nf4 Rd8 41. Qd3 Qc5 42. Rc2 Qb6 43. Ne2 Ne8 44. Nd4 Nc7 45. Rc6 Qb7 46. Rc5 Qb6 47. Rc6 Qb7 48. Rc5 Qb6 49. Rc6 Qb7 1/2-1/2

[Event "POL-chT U20 1st League"]
[Site "Suchedniow"]
[Date "2016.07.24"]
[Round "2.30"]
[White "Mysliwiec, Natalia"]
[Black "Jarocka, Liwia"]
[Result "0-1"]
[WhiteElo "1311"]
[BlackElo "1797"]
[PlyCount "158"]
[EventDate "2016.07.23"]
[EventType "team-tourn"]
[EventRounds "9"]
[EventCountry "POL"]
[SourceTitle "EXT 2019"]
[Source "ChessBase"]
[SourceDate "2018.10.10"]
[SourceVersion "1"]
[SourceVersionDate "2018.10.10"]
[SourceQuality "1"]

1. e4 c5 2. Nf3 e6 3. d4 cxd4 4. Nxd4 Nf6 5. Bd3 a6 6. Qe2 Qc7 7. c4 d6 8. Nc3 Be7 9. 0-0 0-0 10. Bd2 b6 11. Rae1 Re8 12. Kh1 Bf8 13. f4 Bb7 14. Rf3 g6 15. Rh3 Bg7 16. Qf2 Nbd7 17. Nf3 Nf8 18. Ng5 h6 19. Nf3 h5 20. Ng5 N8d7 21. Rg3 Nc5 22. Bb1 Bc6 23. b4 Ncd7 24. Bd3 Bb7 25. a3 Rac8 26. h3 Nh7 27. Nxh7 Kxh7 28. Bf1 Bf6 29. Rf3 Nb8 30. Nd1 Bg7 31. Rb3 Nc6 32. Rb1 Bd4 33. Qg3 Ne7 34. Nf2 f5 35. Be3 Bg7 36. Bd2 fxe4 37. Nxe4 Bxe4 38. Rxe4 Nf5 39. Qb3 h4 40. Be1 Qc6 41. Qd3 Bh6 42. Qe2 Bg7 43. Bf2 Qd7 44. Qg4 Bf6 45. Rbe1 b5 46. Qf3 bxc4 47. Bxc4 d5 48. Bxd5 exd5 49. Rxe8 Rxe8 50. Rxe8 Qxe8 51. Qxd5 Ng3+ 52. Bxg3 hxg3 53. Qd1 Qe3 54. f5 gxf5 55. Qd7+ Kg6 56. Qd1 Qxa3 57. Qe1 Qa1 58. Qxa1 Bxa1 59. Kg1 Bc3 60. b5 axb5 61. Kf1 b4 62. Ke2 Kg5 63. Kd3 Kf4 64. Ke2 b3 65. Kd3 b2 66. Kc2 Ke3 67. h4 Kf2 68. h5 Bh8 69. h6 Kxg2 70. h7 Kf2 71. Kb1 g2 72. Kc2 g1Q 73. Kd3 b1Q+ 74. Kc4 Qg4+ 75. Kd5 Qb5+ 76. Kd6 Qg6+ 77. Ke7 Qb7+ 78. Kd8 Qd6+ 79. Ke8 Qde7# 0-1

[Event "POL-chT U19 2nd League"]
[Site "Iwonicz"]
[Date "2015.08.01"]
[Round "4.12"]
[White "Hryn, Aleksandra"]
[Black "Mysliwiec, Natalia"]
[Result "1/2-1/2"]
[WhiteElo "1319"]
[BlackElo "1355"]
[PlyCount "101"]
[EventDate "2015.07.25"]
[EventType "team-swiss"]
[EventRounds "11"]
[EventCountry "POL"]
[SourceTitle "EXT 2019"]
[Source "ChessBase"]
[SourceDate "2018.10.10"]
[SourceVersion "1"]
[SourceVersionDate "2018.10.10"]
[SourceQuality "1"]
[WhiteTeam "Gliwice Akademia Szachowa U19"]
[BlackTeam "Krakow Wisla U19"]
[WhiteTeamCountry "POL"]
[BlackTeamCountry "POL"]

1. e4 e5 2. Nf3 Nc6 3. Bb5 a6 4. Ba4 Nf6 5. 0-0 b5 6. Bb3 d6 7. Re1 Na5 8. c3 Nxb3 9. Qxb3 Be7 10. h3 Be6 11. Qd1 c5 12. d4 cxd4 13. cxd4 exd4 14. Nxd4 Bd7 15. Nc3 0-0 16. a3 Re8 17. Bf4 Bf8 18. Nf3 Bc6 19. e5 dxe5 20. Nxe5 Qxd1 21. Raxd1 Bb7 22. Nd3 Nh5 23. Bh2 Nf6 24. Nf4 Rad8 25. Rxe8 Rxe8 26. Bg3 Be7 27. Nfd5 Nxd5 28. Nxd5 Bxd5 29. Rxd5 Rd8 30. Rxd8+ Bxd8 31. Be5 Kf8 32. Kf1 f6 33. Bc3 Kf7 34. Ke2 Ke6 35. Kd3 Kd5 36. f3 Bc7 37. g4 Be5 38. Bxe5 Kxe5 39. Ke3 g6 40. f4+ Kd5 41. Kd3 h6 42. h4 g5 43. hxg5 hxg5 44. fxg5 fxg5 45. b4 Ke5 46. Ke3 Kd5 47. Kd3 Ke5 48. Ke3 Kd5 49. Kd3 Ke5 50. Ke3 Kd5 51. Kd3 1/2-1/2